[Event "Asia Nations online Cup (Women)"]
[Site "Chess.com INT"]
[Date "2020.10.19"]
[Round "8.9"]
[White "Huang, Yuen Tung"]
[Black "Ohnmar, Soe"]
[Result "0-1"]
[WhiteElo "1309"]
[BlackElo "1567"]
[PlyCount "136"]
[EventDate "2020.10.11"]
[EventType "team-swiss (rapid)"]
[EventRounds "9"]
[EventCountry "IND"]
[SourceTitle "CBM 198 Extra"]
[Source "ChessBase"]
[SourceDate "2020.11.30"]
[SourceVersion "1"]
[SourceVersionDate "2020.11.30"]
[SourceQuality "1"]
[WhiteTeam "Hong Kong (W)"]
[BlackTeam "Myanmar (W)"]
[WhiteTeamCountry "HKG"]
[BlackTeamCountry "MYA"]

1. e4 b6 2. d4 Bb7 3. Nc3 e6 4. Nf3 Bb4 5. Bd3 Nf6 6. Bg5 h6 7. Bxf6 Qxf6 8. Qd2 Bxc3 9. Qxc3 Nc6 10. 0-0-0 0-0-0 11. Qa3 Kb8 12. Ba6 Qf4+ 13. Kb1 Qxe4 14. Bxb7 Kxb7 15. Rhe1 Qd5 16. g3 Na5 17. Ne5 Rhf8 18. Qc3 f6 19. Ng6 Rfe8 20. Nf4 Qc4 21. Qf3+ Kb8 22. d5 e5 23. Ng6 Qb4 24. Re3 Nc4 25. Rb3 Nd2+ 26. Kc1 Nxb3+ 27. axb3 Qa5 28. Kb1 e4 29. Qe3 Qc5 30. Qe2 f5 31. Nf4 g5 32. Nh5 Re5 33. Qd2 Rde8 34. Nf6 R8e7 35. h3 Rf7 36. Nh5 e3 37. fxe3 Rfe7 38. Nf6 Qxe3 39. d6 Qxd2 40. Rxd2 Re1+ 41. Ka2 cxd6 42. Rxd6 Kc8 43. Nd5 R7e6 44. Rxe6 dxe6 45. Ne7+ Kd7 46. Ng8 h5 47. Nf6+ Ke7 48. Nxh5 Rh1 49. h4 gxh4 50. gxh4 Rxh4 51. Ng3 f4 52. Ne4 e5 53. Kb1 Rh1+ 54. Ka2 Ke6 55. b4 Kf5 56. Nd2 e4 57. Kb3 e3 58. Nf3 Ke4 59. Ng5+ Kf5 60. Nf3 Rf1 61. Nd4+ Ke4 62. Kc3 f3 63. b3 Rd1 64. Nxf3 Kxf3 65. Kb2 e2 66. Kc3 e1Q+ 67. Kc4 Qe4+ 68. Kc3 Qd4# 0-1

[Event "Asia Nations online Cup (Women)"]
[Site "Chess.com INT"]
[Date "2020.10.17"]
[Round "4.3"]
[White "Ohnmar, Soe"]
[Black "Padmini, Rout"]
[Result "0-1"]
[WhiteElo "1567"]
[BlackElo "2370"]
[PlyCount "52"]
[EventDate "2020.10.11"]
[EventType "team-swiss (rapid)"]
[EventRounds "9"]
[EventCountry "IND"]
[SourceTitle "CBM 198 Extra"]
[Source "ChessBase"]
[SourceDate "2020.11.30"]
[SourceVersion "1"]
[SourceVersionDate "2020.11.30"]
[SourceQuality "1"]
[WhiteTeam "Myanmar (W)"]
[BlackTeam "India (W)"]
[WhiteTeamCountry "MYA"]
[BlackTeamCountry "IND"]

1. b3 e5 2. Bb2 Nc6 3. e3 Nf6 4. Bb5 Bd6 5. Na3 a6 6. Bxc6 dxc6 7. Nc4 Qe7 8. d4 e4 9. Ne2 0-0 10. 0-0 Bxh2+ 11. Kh1 Ng4 12. g3 Qf6 13. Nf4 Bxg3 14. Kg2 Bxf4 15. Rh1 Bd6 16. Qe2 Qg6 17. Kf1 Nh2+ 18. Ke1 Qg2 19. Kd2 Bg4 20. Rhg1 Nf3+ 21. Kc3 Nxg1 22. Qe1 Nf3 23. Qc1 b5 24. Nxd6 cxd6 25. a3 Qxf2 26. Ra2 c5 0-1